Österreich in verschiedenen Sprachen - Statistiken

Allgemein
  • Dieses Quiz wurde 228 mal gespielt
  • Das Durchschnittsergebnis liegt bei 6 aus 12
Antwortstatistiken
Österreich Sprache % Korrekt
А́встрия Russisch / Bulgarisch
85%
オーストリア Japanisch
80%
Østrig Dänisch
74%
Αυστρία Griechisch
73%
Autriche Französisch
70%
Österrike Schwedisch
67%
Oostenrijk Niederländisch
65%
Itävalta Finnisch
53%
Ausztria Ungarisch
42%
Avusturya Türkisch
19%
Rakousko Tschechisch
14%
Austrija Lettisch / Litauisch
6%
Keine übereinstimmenden Quizze gefunden
Verteilung der Resultate
Anzahl Personen mit jedem Resultat
Perzentil nach korrekt beantworteten Fragen
Ihre Resultats-Entwicklung
Sie haben dieses Quiz noch nicht gespielt